Statistics for 2000s American TV Trivia

Click here to take the quiz!

General Stats

  • This quiz has been taken 18,233 times
    (9,640 since last reset)
  • The average score is 11 of 20

Answer Stats

QuestionAnswer% Correct
Who lived in a pineapple under the sea?SpongeBob SquarePants
97%
What show was named after the town where Superman grew up?Smallville
75%
What serial killer killed other serial killers?Dexter Morgan
70%
What state did the Soprano family live in?New Jersey
67%
Who jumped on Oprah's couch?Tom Cruise
63%
What show tried to debunk or confirm urban legends?Mythbusters
62%
Before he was Walter White, what show did Bryan Cranston star in?Malcolm in the Middle
60%
Who was the host of "America's Next Top Model"?Tyra Banks
60%
What older singer did Britney Spears kiss at the 2003 Video Music Awards?Madonna
59%
What was Ashton Kutcher's version of "Candid Camera"?Punk'd
58%
Who impersonated Sarah Palin, saying "I can see Russia from my house"?Tina Fey
58%
Who was Assistant to the Regional Manager?Dwight Schrute
51%
Who was the obsessive compulsive detective?Adrian Monk
49%
What was the last name of Lorelei, Rory, Emily, and Richard?Gilmore
45%
What was Dr. Derek Shepherd better known as?McDreamy
42%
During what ceremony could one get voted off the island?{Tribal} Council
41%
What teenage detective was portrayed by Kristen Bell?Veronica Mars
38%
What did the characters from "CSI" say when they wanted
to make a digital picture less grainy?
Enhance
37%
What Geico advertising characters had a short-lived sitcom?Cavemen
31%
What character killed over 250 people in just 192 hours?Jack Bauer
24%

Score Distribution

Percentile by Number Answered

Percent of People with Each Score

Your Score History

You have not taken this quiz since the last reset